Rozšírenie produktového portfólia o novú produktovú radu na slovenskom trhu so spotrebným tovarom
Enregistré dans:
| Auteur principal: | |
|---|---|
| Format: | Chapitre de livre |
| Langue: | slovaque |
| Tags: |
Pas de tags, Soyez le premier à ajouter un tag!
|
MARC
| LEADER | 00000naa$a2200000$$$4500 | ||
|---|---|---|---|
| 001 | 0226922 | ||
| 005 | 20240502083608.4 | ||
| 041 | 0 | |a slo | |
| 044 | |a CZ | ||
| 245 | 1 | 0 | |a Rozšírenie produktového portfólia o novú produktovú radu na slovenskom trhu so spotrebným tovarom |c Peter Dorčák |
| 100 | 1 | |a Dorčák, Peter, 1979- | |